| 000 | 00000nam##2200000za#4500 |
| 001 | 9.643257 |
| 003 | CaOODSP |
| 005 | 20210624224103 |
| 007 | cr ||||||||||| |
| 008 | 150407|1992||||xxc|||||o f|0| 0 fre|d |
| 040 | |aCaOODSP|bfre |
| 043 | |an-cn--- |
| 086 | 1 |aEn40-690/1992F-PDF |
| 110 | 1 |aCanada.|bEnvironnement Canada. |bConservation et Protection. |
| 245 | 10|aUtilisez l'eau judicieusement : |h[ressource électronique]|bconseils sur la cuisine et la salle de lavage |
| 260 | |aOttawa - Ontario : |bEnvironnement Canada. |c[1992]. |
| 300 | |a3p.|bill. |
| 590 | |a14-21-Supp|b2014-12-11 |
| 691 | 07|aConservation de l'eau|2gcpds |
| 691 | 07|aConsommation d'eau|2gcpds |
| 775 | 08|tWater-wise tips for kitchens & laundry |w(CaOODSP)9.699193 |
| 856 | 40|ahttp://publications.gc.ca|qPDF|s597 Ko|uhttps://publications.gc.ca/collections/collection_2014/ec/En40-690-1992-fra.pdf |